| Registos Bibliográficos associados ao registo de autoridade |
|
Etiqueta de registo: 00254nam 2200025 450 001 2284663 003 http://id.bnportugal.gov.pt/bib/catbnp/2284663 100 ## $a20260417d2025 k y0pory01030103ba 101 0# $aeng$dpor 102 ## $aPT 105 ## $aa m 000yy 106 ## $ar 200 1# $aAnalysis of pesticide residues in soil$enew approaches for environmental monitoring$fJoão Eduardo Rodrigues Sedas Brinco$gorient. Paula Alexandra Rodrigues e Araújo Guedes, Alexandra de Jesus Branco Ribeiro,
Marco Diogo Richter Gomes da Silva 210 #9 $a[S.l.$cs.n.],$d2025 215 ## $aXX, 105 p.$cil.$d30 cm 328 #1 $aTese dout. Environment and Sustainability, Nova School of Science & Technology, Universidade
Nova de Lisboa, 2025 700 #1 $aBrinco,$bJoão Eduardo Rodrigues Sedas$31996152 702 #1 $aSilva,$bMarco Diogo Richter Gomes da,$f1966-$4727$354041 702 #1 $aRibeiro,$bAlexandra de Jesus Branco,$f1962-$4727$380436 702 #1 $aGuedes,$bPaula Alexandra Rodrigues e Araújo$4727$31661008 801 #0 $aPT$bBN$gRPC 966 ## $lBN$mFGMON$x1 971 ## $cisantos$d20260417
|
|
|